[Event "Novokuznetsk SFO-ch U15"]
[Site "Novokuznetsk"]
[Date "2014.11.05"]
[Round "4"]
[White "Obgolts, Erik"]
[Black "Drachev, Nikita"]
[Result "1-0"]
[WhiteElo "2136"]
[BlackElo "1834"]
[PlyCount "117"]
[EventDate "2014.11.02"]
[EventType "swiss"]
[EventRounds "9"]
[EventCountry "RUS"]
[SourceTitle "CBM 163 Extra"]
[Source "ChessBase"]
[SourceDate "2014.12.23"]
[SourceVersion "1"]
[SourceVersionDate "2014.12.23"]
[SourceQuality "1"]

1. Nf3 d5 2. d4 Nf6 3. c4 c6 4. Nc3 e6 5. Bg5 Nbd7 6. cxd5 exd5 7. e3 h6 8. Bh4 Be7 9. Bd3 0-0 10. Qc2 Re8 11. 0-0 Ne4 12. Bxe4 Bxh4 13. Bh7+ Kh8 14. Bf5 Bf6 15. Rad1 Nb6 16. b3 Bxf5 17. Qxf5 Qd7 18. Qxd7 Nxd7 19. Rc1 Kg8 20. g4 Bd8 21. Kg2 Nf6 22. h3 Ba5 23. Na4 Ne4 24. a3 Bc7 25. Nc3 Bd6 26. a4 a6 27. Rc2 Re7 28. Nd2 Nxd2 29. Rxd2 Bb4 30. Rd3 Bxc3 31. Rxc3 Rae8 32. b4 Re6 33. Rfc1 Rc8 34. b5 axb5 35. axb5 g5 36. Ra1 Re7 37. Ra7 Rec7 38. Rc5 Kg7 39. Kg3 f6 40. h4 Kf7 41. bxc6 b6 42. Rxc7+ Rxc7 43. Rxd5 Rxc6 44. Rb5 Rd6 45. h5 Ke7 46. Kf3 Kd7 47. d5 Kc7 48. Ke4 Kb7 49. Kd4 Ka6 50. Rb2 Ka5 51. Kc4 Ka6 52. f4 gxf4 53. exf4 Kb7 54. Re2 Kc7 55. Re7+ Rd7 56. Re6 Rd6 57. Rxd6 Kxd6 58. g5 fxg5 59. fxg5 1-0

[Event "Novokuznetsk SFO-ch U15"]
[Site "Novokuznetsk"]
[Date "2014.11.03"]
[Round "2"]
[White "Kolbyshev, Sergei"]
[Black "Drachev, Nikita"]
[Result "1/2-1/2"]
[WhiteElo "1980"]
[BlackElo "1834"]
[PlyCount "98"]
[EventDate "2014.11.02"]
[EventType "swiss"]
[EventRounds "9"]
[EventCountry "RUS"]
[SourceTitle "CBM 163 Extra"]
[Source "ChessBase"]
[SourceDate "2014.12.23"]
[SourceVersion "1"]
[SourceVersionDate "2014.12.23"]
[SourceQuality "1"]

1. d4 d5 2. Nf3 Nf6 3. c4 c6 4. Nc3 e6 5. Bg5 Nbd7 6. e3 Qa5 7. cxd5 exd5 8. Nd2 Bb4 9. Rc1 Bxc3 10. bxc3 Qxa2 11. Bd3 Qa5 12. 0-0 0-0 13. Bh4 Re8 14. c4 dxc4 15. Nxc4 Qh5 16. Qxh5 Nxh5 17. Nd6 Re6 18. Nxc8 Rxc8 19. Bf5 Rd6 20. Be7 Rd5 21. e4 Rb5 22. d5 Re8 23. dxc6 bxc6 24. Rxc6 Rxe7 25. Bxd7 Rb8 26. Bf5 g6 27. Bg4 Nf4 28. g3 Nd3 29. Be2 Ne5 30. Rc2 Nd7 31. Bf3 Nb6 32. Bg2 Rc8 33. Rxc8+ Nxc8 34. Rd1 Kg7 35. f4 Nb6 36. e5 f6 37. exf6+ Kxf6 38. Kf2 Rc7 39. Rd2 Re7 40. Bh3 Kf7 41. Bf1 Kf6 42. Rd4 Rc7 43. Bd3 Rd7 44. Rxd7 Nxd7 45. Ke3 h6 46. g4 g5 47. f5 Ke5 48. h3 Nf6 49. Be2 Nd5+ 1/2-1/2

[Event "Kemerovo-ch"]
[Site "Kemerovo"]
[Date "2014.04.30"]
[Round "9"]
[White "Drachev, Nikita"]
[Black "Karelov, Pavel"]
[Result "0-1"]
[WhiteElo "1691"]
[BlackElo "1845"]
[PlyCount "66"]
[EventDate "2014.04.02"]
[EventType "swiss"]
[EventRounds "9"]
[EventCountry "RUS"]
[SourceTitle "CBM 160 Extra"]
[Source "ChessBase"]
[SourceDate "2014.07.01"]
[SourceVersion "1"]
[SourceVersionDate "2014.07.01"]
[SourceQuality "1"]

1. d4 d5 2. Nf3 Nf6 3. Bf4 Bf5 4. e3 e6 5. Nbd2 c5 6. c3 Nc6 7. Bb5 Be7 8. Ne5 Qb6 9. Qa4 0-0 10. Bxc6 Qxb2 11. Qd1 bxc6 12. Nxc6 Qb7 13. Nxe7+ Qxe7 14. 0-0 c4 15. Nf3 Nh5 16. Be5 f6 17. Nh4 fxe5 18. Qxh5 Bd3 19. Rfc1 e4 20. g3 Qf6 21. Rf1 Bxf1 22. Rxf1 g5 23. Ng2 Rab8 24. Qe2 Rb7 25. Ne1 Rfb8 26. Nc2 Rb2 27. a4 Qf3 28. Qxf3 exf3 29. Ne1 g4 30. h3 h5 31. hxg4 hxg4 32. a5 R8b3 33. a6 Rxc3 0-1

[Event "Kemerovo-ch"]
[Site "Kemerovo"]
[Date "2014.04.13"]
[Round "4"]
[White "Lapenko, Andrey"]
[Black "Drachev, Nikita"]
[Result "0-1"]
[WhiteElo "1658"]
[BlackElo "1691"]
[PlyCount "110"]
[EventDate "2014.04.02"]
[EventType "swiss"]
[EventRounds "9"]
[EventCountry "RUS"]
[SourceTitle "CBM 160 Extra"]
[Source "ChessBase"]
[SourceDate "2014.07.01"]
[SourceVersion "1"]
[SourceVersionDate "2014.07.01"]
[SourceQuality "1"]

1. e4 c5 2. Nf3 Nc6 3. d4 cxd4 4. Nxd4 g6 5. c4 Bg7 6. Be3 Nf6 7. Nc3 0-0 8. Be2 d6 9. 0-0 Bd7 10. Rc1 Rc8 11. f4 Qb6 12. Nf5 Qxb2 13. Nxg7 Kxg7 14. f5 Qa3 15. Qd2 Kg8 16. Bh6 Rfe8 17. fxg6 fxg6 18. Qg5 Qc5+ 19. Qxc5 dxc5 20. h3 Be6 21. g4 Nxe4 22. Nd5 Ne5 23. Bf4 Bxd5 24. cxd5 Nf7 25. h4 Ned6 26. Rf3 b6 27. Ba6 Rcd8 28. a4 Rf8 29. Rcf1 Ne4 30. Bd3 Nf6 31. Re3 Nxd5 32. Rg3 Nxf4 33. Rxf4 Ne5 34. Rxf8+ Rxf8 35. Bb5 Rf3 36. Rg2 Re3 37. h5 Kg7 38. hxg6 Nxg6 39. Kf2 Rc3 40. Rg1 e5 41. Re1 c4 42. Re4 Rc2+ 43. Kg3 c3 44. Rc4 Kh6 45. g5+ Kxg5 46. Rg4+ Kf6 47. Rc4 Rc1 48. Kg4 c2 49. Rc6+ Kg7 50. Kf3 h5 51. Bd3 e4+ 52. Bxe4 Rf1+ 53. Ke2 c1Q 54. Rxg6+ Kf7 55. Rc6 Re1+ 0-1

[Event "Kemerovo op"]
[Site "Kemerovo"]
[Date "2013.07.28"]
[Round "9"]
[White "Drachev, Nikita"]
[Black "Likhachev, Alexander"]
[Result "1/2-1/2"]
[WhiteElo "1712"]
[BlackElo "1738"]
[PlyCount "141"]
[EventDate "2013.07.22"]
[EventType "swiss"]
[EventRounds "9"]
[EventCountry "RUS"]
[SourceTitle "EXT 2014"]
[Source "ChessBase"]
[SourceDate "2013.11.20"]
[SourceVersion "1"]
[SourceVersionDate "2013.11.20"]
[SourceQuality "1"]

1. d4 Nf6 2. Nf3 d5 3. c4 e6 4. e3 c5 5. Nc3 Nc6 6. Bd3 Be7 7. b3 cxd4 8. exd4 Bb4 9. Bb2 Qa5 10. Qc2 Bd6 11. 0-0 Nb4 12. Qd2 Nxd3 13. Qxd3 0-0 14. Nb5 Be7 15. Bc3 Qd8 16. Bd2 Ne4 17. Bf4 a6 18. Nc3 Nxc3 19. Qxc3 Bd7 20. c5 Bb5 21. Rfd1 Rc8 22. a4 Bc6 23. Ne5 b6 24. b4 bxc5 25. bxc5 Bg5 26. Nxc6 Rxc6 27. Bd6 Qxd6 28. Qd3 Qf4 29. Re1 Rb8 30. Rab1 Rxb1 31. Rxb1 g6 32. h4 Qxh4 33. Rb6 Rxb6 34. cxb6 Qe4 35. Qxa6 Bf4 36. g3 Qe1+ 37. Kg2 Qe4+ 38. Kg1 Qb1+ 39. Qf1 Qxb6 40. gxf4 Qxd4 41. Qb5 Qd1+ 42. Kh2 d4 43. a5 Qf3 44. Qb8+ Kg7 45. Qe5+ Kf8 46. Qxd4 Qh5+ 47. Kg3 Qxa5 48. Qh8+ Ke7 49. Qxh7 Qc3+ 50. f3 Qe1+ 51. Kg2 Qd2+ 52. Kg3 Qd4 53. Qh1 e5 54. Qh4+ Ke6 55. Qg4+ Kd6 56. fxe5+ Kxe5 57. f4+ Kf6 58. Qh4+ Kg7 59. Qg5 Qg1+ 60. Kf3 Qxg5 61. fxg5 Kf8 62. Kf4 Ke8 63. Ke4 Kd7 64. Kd5 Kd8 65. Kd4 Ke7 66. Ke5 Kf8 67. Kf4 Kg8 68. Kg4 Kg7 69. Kg3 f6 70. gxf6+ Kxf6 71. Kf4 1/2-1/2

[Event "Novokuznetsk op"]
[Site "Novokuznetsk"]
[Date "2012.08.04"]
[Round "3"]
[White "Duriagin, Kirill"]
[Black "Drachev, Nikita"]
[Result "1-0"]
[WhiteElo "1892"]
[BlackElo "1797"]
[PlyCount "77"]
[EventDate "2012.08.02"]
[EventType "swiss"]
[EventRounds "9"]
[EventCountry "RUS"]
[SourceTitle "EXT 2013"]
[Source "ChessBase"]
[SourceDate "2012.11.22"]
[SourceVersion "1"]
[SourceVersionDate "2012.11.22"]
[SourceQuality "1"]

1. Nf3 d5 2. g3 c5 3. Bg2 Nf6 4. 0-0 Nc6 5. d4 cxd4 6. Nxd4 e5 7. Nxc6 bxc6 8. c4 Bc5 9. cxd5 cxd5 10. Nc3 Bb7 11. Bg5 0-0 12. Bxd5 Bxd5 13. Bxf6 Qxf6 14. Qxd5 Bd4 15. Rac1 Rfd8 16. Qe4 Qb6 17. e3 Bxc3 18. bxc3 Qa5 19. a4 Rac8 20. Qb4 Qc7 21. Rfd1 h6 22. Rxd8+ Rxd8 23. c4 a5 24. Qb5 Rb8 25. Qd5 Rb4 26. c5 Rb8 27. c6 Rd8 28. Qb5 Rb8 29. Qa6 f6 30. Rc5 Kh8 31. Qxa5 Rb6 32. Rc1 Kg8 33. Qd5+ Kf8 34. a5 Ra6 35. Qb5 Ra7 36. Qb6 Ke7 37. Qxa7 Qxa7 38. c7 Qxa5 39. c8Q 1-0

[Event "Novokuznetsk op"]
[Site "Novokuznetsk"]
[Date "2012.08.03"]
[Round "2"]
[White "Drachev, Nikita"]
[Black "Vorobyova, Alyona"]
[Result "0-1"]
[WhiteElo "1797"]
[BlackElo "1979"]
[PlyCount "75"]
[EventDate "2012.08.02"]
[EventType "swiss"]
[EventRounds "9"]
[EventCountry "RUS"]
[SourceTitle "EXT 2013"]
[Source "ChessBase"]
[SourceDate "2012.11.22"]
[SourceVersion "1"]
[SourceVersionDate "2012.11.22"]
[SourceQuality "1"]

1. d4 Nf6 2. c4 c5 3. Nf3 cxd4 4. Nxd4 e5 5. Nf5 d5 6. Ne3 d4 7. Nc2 Bf5 8. g3 Be4 9. f3 Bg6 10. Bg2 Qb6 11. b3 Nc6 12. Nca3 Be7 13. 0-0 d3+ 14. Kh1 Qd4 15. Nc2 dxc2 16. Qxd4 cxb1Q 17. Rxb1 Nxd4 18. Rb2 Ba3 19. Rd2 Bb4 20. e4 Bxd2 21. Bxd2 0-0-0 22. Bc3 Kb8 23. h4 Rhe8 24. g4 h6 25. a4 Ne2 26. Be1 Rd1 27. Kh2 Red8 28. b4 Nf4 29. c5 Nxg2 30. Kxg2 Ne8 31. Kf2 Nc7 32. b5 Ne6 33. c6 Nf4 34. a5 bxc6 35. bxc6 Nd3+ 36. Ke2 Rxe1+ 37. Rxe1 Nxe1 38. Kxe1 0-1